Ética científica /
Evolución de la ciencia a través de los siglos. Los avances tecnológicos del siglo XX. Las comunicaciones. Informática. Los archivos personales. Biotecnología. Límites éticos.
Guardado en:
| Autor Corporativo: | |
|---|---|
| Formato: | |
| Series: | El show de la ciencia
|
| Materias: | |
| Etiquetas: |
Agregar Etiqueta
Sin Etiquetas, Sea el primero en etiquetar este registro!
|
| LEADER | 00965ngm a22002655g 4500 | ||
|---|---|---|---|
| 001 | CEM.cems022597 | ||
| 008 | 130507b2001##################0###0#####d | ||
| 005 | 20241108145310.0 | ||
| 245 | 1 | 0 | |a Ética científica / |c Educable. |
| 300 | |a 23'. | ||
| 490 | 0 | |a El show de la ciencia | |
| 500 | |a En soporte VHS, consultar en ventanilla. | ||
| 538 | |a Soporte: VHS - Norma: Pal N - Color: Si - Grabación DRD 2001 - Hitachi=4540 | ||
| 520 | |a Evolución de la ciencia a través de los siglos. Los avances tecnológicos del siglo XX. Las comunicaciones. Informática. Los archivos personales. Biotecnología. Límites éticos. | ||
| 110 | 2 | |a Educable. | |
| 082 | 5 | 0 | |/ UBA |
| 653 | |a ETICA CIENTIFICA | ||
| 653 | |a CIENCIA | ||
| 653 | |a COMUNICACIONES | ||
| 653 | |a INFORMATICA | ||
| 653 | |a BIOTECNOLOGIA | ||
| 653 | |a TECNOLOGIA | ||
| 653 | |a NIVEL PRIMARIO | ||
| 653 | |a NIVEL SECUNDARIO | ||
| 859 | |a CEMS |b BIB. CEMS - Depto. Recursos Didacticos |h 501 |i UBA |k DRD |p 1240.12 |t Ej.1 | ||
